=LDR 00000nam 2200000 4500 =001 INLIS000000000012067 =005 20130612103618 =008 ***********************************1** =035 ##$$0010-061300000012067 =041 ##$$a 1 =082 ##$$a 507 =090 ##$$a 507, pan i =100 ##$$a Pandoyo, Sumbawi Ramu =245 ##$$a Ilmu alamiah dasar, sumbawi ramu pandoyo =260 ##$$a 21 cm $b viii =650 ##$$a Ilmu Alamiah Dasar =850 ##$$a NBPNMAT